000 00575nam a22001937a 4500
005 20230719084756.0
008 230213b |||||||| |||| 00| 0 eng d
020 _a978-0-07-149429-8
082 _a005.7 H762 2009
100 _aHolzner, Steven
_eauthor
245 _aAjax:
_ba beginner's guide /
_cSteven Holzner
260 _aNew York:
_bMcGraw-Hill,
_cc2009.
300 _axvii, 475p.:
_bill.
504 _aIncludes index
541 _e1909
650 _aAjax (Website development)
650 _aWebsites - Design
650 _aJava script (Computer program language)
999 _c1060
_d1060